Discurso del doctor Dardo Racho al recibirse del gobierno de la provincia ante la Asamblea General Lejislativa [sic] (Record no. 163677)

MARC details
000 -LEADER
campo de control de longitud fija 00595nam a22001575i 4500
001 - NÚMERO DE CONTROL
campo de control 163677
003 - IDENTIFICADOR DE NÚMERO DE CONTROL
campo de control ES-MaACL
005 - FECHA Y HORA DE LA ÚLTIMA TRANSACCIÓN
campo de control 20230906212804.0
008 - DATOS DE LONGITUD FIJA--INFORMACIÓN GENERAL
campo de control de longitud fija 050719s1881 ag | |||||||| ||spa d
040 ## - FUENTE DE CATALOGACIÓN
Centro catalogador/agencia de origen CAM
Lengua de catalogación spa
Centro/agencia transcriptor CAM
100 1# - ENTRADA PRINCIPAL--NOMBRE DE PERSONA
Nombre de persona Rocha, Dardo.
9 (RLIN) 131909
245 10 - MENCIÓN DEL TÍTULO
Título Discurso del doctor Dardo Racho al recibirse del gobierno de la provincia ante la Asamblea General Lejislativa [sic]
Resto del título : mayo 1º de 1881.
260 ## - PUBLICACIÓN, DISTRIBUCIÓN, ETC.
Lugar de publicación, distribución, etc. Buenos Aires :
Nombre del editor, distribuidor, etc. [s.n.],
Fecha de publicación, distribución, etc. 1881 (
Fabricante Imprenta de El Nacional)
300 ## - DESCRIPCIÓN FÍSICA
Extensión 31 p. ;
Dimensiones 24 cm.
852 ## - LOCALIZACIÓN
Ubicación ES-MaACL
Número de control de estantería T-506-F-12
Nota libre -- Enc. hol.
-- -- Enc. en un vol. facticio
Holdings
Estatus retirado Estado de pérdida Estado de daño No para préstamo Colección Biblioteca de origen Biblioteca actual Ubicación en estantería Fecha de adquisición Total de préstamos Signatura topográfica completa Código de barras Visto por última vez Precio de reemplazo Tipo de ítem Koha
        Colección de folletos Biblioteca del Ateneo de Madrid Biblioteca del Ateneo de Madrid Depósito folletos 17/01/2008   T-506-F-12 1171520 23/02/2023 23/02/2023 Folleto